Glass & interactive building envelopes (Record no. 136488)
[ view plain ]
| 000 -LEADER | |
|---|---|
| fixed length control field | 01542nam a2200385Ia 4500 |
| 245 00 - TITLE STATEMENT | |
| Title | Glass & interactive building envelopes |
| 260 ## - PUBLICATION, DISTRIBUTION, ETC. (IMPRINT) | |
| Place of publication | Amsterdam : |
| Name of publisher | IOS Press, |
| Year of publication | 2007. |
| 300 ## - PHYSICAL DESCRIPTION | |
| Number of Pages | 308 p. : |
| Other physical details | ill. |
| 490 1# - SERIES STATEMENT | |
| Series statement | Research in architectural engineering series ; |
| 500 ## - GENERAL NOTE | |
| General note | International conference proceedings. |
| 650 #0 - SUBJECT ADDED ENTRY--TOPICAL TERM | |
| Topical Term | Building materials |
| Topical Term | Building |
| Topical Term | Glass construction |
| 700 1# - ADDED ENTRY--PERSONAL NAME | |
| Personal name | Crisinel, Michel. |
| 856 40 - ELECTRONIC LOCATION AND ACCESS | |
| Uniform Resource Identifier | http://site.ebrary.com/lib/rucke/Doc?id=10167409 |
No items available.
